| 000 | 01151cad a22001935a 4500 | ||
|---|---|---|---|
| 001 | L152416 | ||
| 008 | 110304s2011 xxk f 000 0 eng d | ||
| 035 | _a(Sirsi) u152416 | ||
| 041 | 0 | _aeng | |
| 110 | 2 | _aZero Carbon Hub | |
| 245 | 0 | 0 |
_aCarbon compliance setting an appropriate limit for zero carbon new homes _bfindings and recommendations _h[electronic resource] |
| 260 | _c2011 | ||
| 520 | _aFinal report recommends the built performance emissions from new homes constructed from 2016 should not exceed; 10 kg CO2 m² a year for detached houses, 11 kg CO2 m² a year for attached houses and 14 kg CO2 m² a year for low rise apartment blocks (four storeys and below). Further recommendations cover areas such as regional weather, development averaging and CO2 emissions factors. This was originally published as an interim report in December 2010. | ||
| 590 | _aKA NTK | ||
| 651 | 4 | _aUnited Kingdom | |
| 690 | _aENVIRONMENTAL AND LAND CONSULTANCY-ENERGY-ENERGY USE-ENERGY EFFICIENCY | ||
| 856 | 4 | 0 |
_uhttps://www.zerocarbonhub.org/resourcefiles/CC_TG_Report_Feb_2011.pdf _zView the report free of charge at www.zerocarbonhub.org |
| 942 | _n0 | ||
| 999 |
_c112050 _d112050 |
||